| 000 | 00606nam a2200217Ia 4500 | ||
|---|---|---|---|
| 005 | 20250508164428.0 | ||
| 008 | 008 250505s9999 xx 000 0 hin d | ||
| 020 | _a81-8031-020-5 | ||
| 037 | _aReference | ||
| 040 |
_aFEDL _beng _cFEDL |
||
| 041 |
_ahin _2hin |
||
| 084 |
_a491.433, LOK _qFEDL |
||
| 100 | _aKapoor Badrinath | ||
| 245 | 0 | _aHindi muhavery aur lokokti kosh | |
| 260 |
_aAllahabad, India _bLokbharti Prakashan _c2007 |
||
| 300 | _axvi,451p | ||
| 365 |
_aINR _b210 |
||
| 650 |
_aDictionary - Hindi _9778122 |
||
| 942 |
_cREF _h491.433, LOK |
||
| 999 |
_c1389091 _d1389091 |
||